Nové kódy zdravotných poisťovní

Bibliographic Details
Main Author: Horváth, Michal (Author)
Format: Article
Language:Slovak
PhysicalDescription:Tab.
ISSN:1335-4477
Subjects:

MARC

LEADER 00000nab a2200000 a 4500
001 vtls008409254
003 SK-MaSNL
005 20260303070125.0
008 140303c2005 xo wrzp 0 0slo
015 |a SNBRB2005/09  |2 snkbucl 
040 |a SNKBUCL  |b slo  |c SNKBUCL  |e AACR2 
041 0 |a slo 
044 |a xo  |c SK 
080 |a 369.22  |x (437.6)  |2 1997 
100 1 |a Horváth, Michal  |4 aut  |9 267031 
245 1 0 |a Nové kódy zdravotných poisťovní  |c Michal Horváth 
300 |b Tab. 
650 0 7 |a zdravotné poisťovne  |z Slovensko  |x kódy  |2 snkbucl  |9 1067112 
773 0 |t Zdravotnícke noviny  |g Roč. X, č. 26 (2005), s. 3  |x 1335-4477 
852 |a SNK  |b KIS3GCP 
958 |a ME  |2 snkbucl 
958 |a SK  |2 snkbucl 
999 |c 1754044  |d 1755974